Scrivi lo Stato Valido #4 - Statistics

Statistiche generali
  • Questo quiz è stato fatto 5.354 volte
  • Il punteggio medio è 11 su 20
Statistiche sulle risposte
Nomina uno Stato... Risposta % Corretto
...con un punto cardinale nel nome (in modo esplicito con parte di una parola) Corea del Nord | Corea del Sud | Macedonia del Nord | Sud Sudan | Timor Est
92%
...dove le temperatura non hanno mai superato i 37° C Antigua e Barbuda | Barbados | Corea del Nord | Danimarca | Estonia | Irlanda | Islanda | Isole Salomone | Maldive | Norvegia | Samoa | Singapore
90%
...con più omicidi degli USA in un anno Brasile | India | Messico | Sudafrica | Nigeria | Venezuela
81%
...che confina col Kenya Etiopia | Somalia | Sud Sudan | Tanzania | Uganda
81%
...con tigri selvatiche Bangladesh | Bhutan | Cina | Corea del Nord | India | Indonesia | Laos | Malesia | Myanmar | Nepal | Russia | Thailandia | Vietnam
80%
...senza serpenti Capo Verde | Città del Vaticano | Irlanda | Islanda | Isole Marshall | Kiribati | Nauru | Nuova Zelanda | Tuvalu
74%
...il cui nome termina in BIA Colombia | Gambia | Libia | Namibia | Serbia | Zambia
61%
...asiatico con la maggioranza della popolazione cristiana Armenia | Cipro | Filippine | Georgia | Timor Est
60%
...che è uno dei 10 Stati meno indovinati nel quiz "Paesi del Mondo" di Jetpunk Kiribati | St. Kitts e Nevis | Samoa | Tonga | Tuvalu | São Tomé e Príncipe | Grenada | St. Vincent e Grenadine | Vanuatu | Nauru
60%
...il cui governo è stato rovesciato o coinvolto in una guerra civile dalla "primavera araba" Egitto | Libia | Siria | Tunisia | Yemen
53%
...con più mucche che persone Argentina | Brasile | Ciad | Irlanda | Mongolia | Namibia | Nuova Zelanda | Paraguay | Repubblica Centrafricana | Sud Sudan | Uruguay
48%
...con ghiacciai in Africa Kenya | Tanzania | Uganda
45%
...con una classificazione AAA data da tutte e tre le maggiori agenzie di rating Australia | Danimarca | Germania | Lussemburgo | Norvegia | Paesi Bassi | Singapore | Svezia | Svizzera
42%
...con 500.000 km2 di foreste tropicali(escluso il Brasile) Indonesia | Colombia | Peru | Rep. Dem. Congo
40%
...con più di 100.000 morti in un terremoto del 21° secolo Indonesia | Haiti
37%
...del quale gli USA presero il controllo dopo la vittoria nella guerra Ispanico-Americana (1898) Cuba | Filippine
35%
...con almeno 2 milioni di persone appartenenti all'etnia Berbera Algeria | Francia | Libia | Mauritania | Marocco
34%
...in cui è nato un presidente dell'ONU Austria | Corea del Sud | Egitto | Ghana | Myanmar | Norvegia | Perù | Portogallo | Svezia
33%
...dove il dollaro statiunitense è moneta nazionale (senza contare gli USA) Ecuador | El Salvador | Isole Marshall | Micronesia | Palau | Panama | Timor Est | Zimbabwe
26%
...che è membro dell' OPEC ma non si trova né in Asia né in Africa Venezuela
25%
Nessun quiz corrispondente trovato
Distribuzione punteggi
Percentuale di utenti per punteggio
Percentile per numero di risposta
I tuoi punteggi nel tempo
Non hai fatto questo quiz